[Event "WchT Seniors 65"]
[Site "Rhodes"]
[Date "2019.04.21"]
[Round "6.9"]
[White "Gustavsson, Sture"]
[Black "Steedman, James"]
[Result "1/2-1/2"]
[WhiteElo "1976"]
[BlackElo "2127"]
[PlyCount "23"]
[EventDate "2019.04.16"]
[EventType "team-swiss"]
[EventRounds "9"]
[EventCountry "GRE"]
[SourceTitle "CBM 190 Extra"]
[Source "ChessBase"]
[SourceDate "2019.07.15"]
[SourceVersion "1"]
[SourceVersionDate "2019.07.15"]
[SourceQuality "1"]
[WhiteTeam "Sweden III"]
[BlackTeam "Norway"]
[WhiteTeamCountry "SWE"]
[BlackTeamCountry "NOR"]

1. d4 Nf6 2. Nf3 e6 3. e3 b6 4. Bd3 Bb7 5. 0-0 d5 6. b3 Bd6 7. Bb2 0-0 8. Nbd2 c5 9. Ne5 Nc6 10. f4 Rc8 11. c3 Ne7 12. Qe2 1/2-1/2

[Event "WchT Seniors 65"]
[Site "Rhodes"]
[Date "2019.04.20"]
[Round "5.11"]
[White "Gustavsson, Sture"]
[Black "White, Alastair F"]
[Result "1/2-1/2"]
[WhiteElo "1976"]
[BlackElo "2108"]
[PlyCount "27"]
[EventDate "2019.04.16"]
[EventType "team-swiss"]
[EventRounds "9"]
[EventCountry "GRE"]
[SourceTitle "CBM 190 Extra"]
[Source "ChessBase"]
[SourceDate "2019.07.15"]
[SourceVersion "1"]
[SourceVersionDate "2019.07.15"]
[SourceQuality "1"]
[WhiteTeam "Sweden III"]
[BlackTeam "Scotland II"]
[WhiteTeamCountry "SWE"]
[BlackTeamCountry "SCO"]

1. d4 d6 2. e4 Nf6 3. Nc3 c6 4. Nf3 b5 5. Bd3 Bg4 6. 0-0 Nbd7 7. Re1 b4 8. Nb1 e5 9. c3 Be7 10. Be3 bxc3 11. bxc3 0-0 12. Nbd2 d5 13. h3 exd4 14. cxd4 1/2-1/2

[Event "WchT Seniors 65"]
[Site "Rhodes"]
[Date "2019.04.16"]
[Round "1.6"]
[White "Gustavsson, Sture"]
[Black "Povah, Nigel Edward"]
[Result "0-1"]
[WhiteElo "1976"]
[BlackElo "2319"]
[PlyCount "94"]
[EventDate "2019.04.16"]
[EventType "team-swiss"]
[EventRounds "9"]
[EventCountry "GRE"]
[SourceTitle "CBM 190 Extra"]
[Source "ChessBase"]
[SourceDate "2019.07.15"]
[SourceVersion "1"]
[SourceVersionDate "2019.07.15"]
[SourceQuality "1"]
[WhiteTeam "Sweden III"]
[BlackTeam "England"]
[WhiteTeamCountry "SWE"]
[BlackTeamCountry "ENG"]

1. d4 Nf6 2. Nf3 e6 3. e3 c5 4. Bd3 b6 5. 0-0 Bb7 6. Nbd2 Be7 7. b3 0-0 8. Bb2 d6 9. c4 Nbd7 10. Qe2 Re8 11. Rac1 Bf8 12. Rfd1 Qc7 13. e4 cxd4 14. Nxd4 a6 15. Bb1 Rad8 16. a3 Qb8 17. Re1 g6 18. b4 Rc8 19. Qd3 Bg7 20. h3 Rcd8 21. Qc2 Qa8 22. f3 Rc8 23. Qd3 Qb8 24. N4b3 Red8 25. Qe2 Bc6 26. Nd4 Ba8 27. Nf1 Nh5 28. Qd2 e5 29. Ne2 Nf8 30. g4 Nf4 31. Nxf4 Bh6 32. Qf2 Bxf4 33. Rc2 Ne6 34. Rd1 Bc6 35. Rd3 Ba4 36. Rcc3 b5 37. cxb5 Bxb5 38. Rxc8 Rxc8 39. Rc3 Rxc3 40. Bxc3 Qc7 41. Bd2 Qc4 42. Ne3 Qb3 43. Bc2 Qxa3 44. Nd5 Bxd2 45. Qxd2 Qxf3 46. Qh6 Qf1+ 47. Kh2 Qf2+ 0-1

[Event "EU-chT Seniors"]
[Site "Rogaska Slatina"]
[Date "2012.03.30"]
[Round "4.20"]
[White "Danner, Lambert"]
[Black "Gustavsson, Sture"]
[Result "1-0"]
[WhiteElo "2090"]
[BlackElo "2018"]
[PlyCount "151"]
[EventDate "2012.03.27"]
[EventType "team-swiss"]
[EventRounds "9"]
[EventCountry "SLO"]
[SourceTitle "CBM 147 Extra"]
[Source "ChessBase"]
[SourceDate "2012.04.24"]
[SourceVersion "1"]
[SourceVersionDate "2012.04.24"]
[SourceQuality "1"]
[WhiteTeam "Vienna (Seniors) II"]
[BlackTeam "Sweden (Seniors) IV"]
[WhiteTeamCountry "AUT"]
[BlackTeamCountry "SWE"]

1. g3 Nf6 2. Bg2 g6 3. c4 Bg7 4. Nc3 d6 5. Nf3 0-0 6. d4 Nbd7 7. 0-0 e5 8. b3 Re8 9. Qc2 exd4 10. Nxd4 Nc5 11. Bb2 a5 12. Rad1 c6 13. Rfe1 Qb6 14. h3 a4 15. e3 axb3 16. axb3 Nfd7 17. Nce2 f5 18. Nc1 Nf6 19. Qb1 Be6 20. Nxe6 Rxe6 21. Bd4 Qb4 22. Qb2 Ne8 23. Bxg7 Nxg7 24. Qd2 Qxd2 25. Rxd2 Ne8 26. b4 Ne4 27. Rb2 Ra4 28. Nd3 Nc7 29. Rd1 Ne8 30. Rc1 Kf7 31. b5 Re7 32. bxc6 bxc6 33. Rb6 c5 34. Rc2 h6 35. Bf3 Rea7 36. g4 N8f6 37. gxf5 gxf5 38. Nf4 R4a6 39. Rb8 Rd7 40. Rh8 Kg7 41. Rc8 Ra1+ 42. Kg2 Kh7 43. Ne6 Re7 44. Rc7 Rxc7 45. Nxc7 Kg6 46. Bxe4 Nxe4 47. f3 Ng5 48. Rd2 Nf7 49. Nb5 Ra8 50. Kg3 Kf6 51. Kf4 Rd8 52. Rd5 Ng5 53. Nxd6 Nxh3+ 54. Kg3 Ng5 55. f4 Nf7 56. Rxf5+ Ke6 57. Rxf7 Rxd6 58. Rh7 Kf5 59. Kf3 Rc6 60. e4+ Kg6 61. Rd7 Kf6 62. e5+ Ke6 63. Rh7 Kf5 64. Rf7+ Kg6 65. Rf8 Kg7 66. Rd8 h5 67. Rd7+ Kg6 68. Rd6+ Rxd6 69. exd6 Kf6 70. Kg3 Ke6 71. Kh4 Kxd6 72. Kxh5 Ke6 73. Kg6 Ke7 74. Kf5 Kf7 75. Ke5 Ke7 76. Kd5 1-0

[Event "EU-chT Seniors"]
[Site "Rogaska Slatina"]
[Date "2012.03.29"]
[Round "3.22"]
[White "Gustavsson, Sture"]
[Black "Johnsen, Oystein"]
[Result "1/2-1/2"]
[WhiteElo "2018"]
[BlackElo "1899"]
[PlyCount "69"]
[EventDate "2012.03.27"]
[EventType "team-swiss"]
[EventRounds "9"]
[EventCountry "SLO"]
[SourceTitle "CBM 147 Extra"]
[Source "ChessBase"]
[SourceDate "2012.04.24"]
[SourceVersion "1"]
[SourceVersionDate "2012.04.24"]
[SourceQuality "1"]
[WhiteTeam "Sweden (Seniors) IV"]
[BlackTeam "Norway (Seniors) IV"]
[WhiteTeamCountry "SWE"]
[BlackTeamCountry "NOR"]

1. d4 d5 2. Nf3 Nf6 3. e3 e6 4. Bd3 c5 5. b3 cxd4 6. exd4 Nc6 7. 0-0 Bd6 8. Bb2 0-0 9. Re1 b6 10. Nbd2 Bb7 11. Ne5 Rc8 12. c3 Ne7 13. f4 g6 14. Qe2 Rc7 15. Rf1 Qc8 16. Rae1 Nf5 17. g4 Ng7 18. g5 Nfh5 19. Qg4 f5 20. Qe2 Qd8 21. Qe3 Re7 22. Rf2 Qc7 23. Qf3 a6 24. Nf1 b5 25. Ng3 Nxg3 26. Qxg3 Rd8 27. h4 Qa5 28. Ba1 Qc7 29. Rc2 Ba8 30. Kh2 Nh5 31. Qf2 Qb7 32. Be2 Ng7 33. Bf3 Ne8 34. h5 Bxe5 35. Rxe5 1/2-1/2

[Event "EU-chT Seniors"]
[Site "Rogaska Slatina"]
[Date "2012.03.27"]
[Round "1.16"]
[White "Gustavsson, Sture"]
[Black "Gundersen, Helge Folmer"]
[Result "1/2-1/2"]
[WhiteElo "2018"]
[BlackElo "2223"]
[PlyCount "47"]
[EventDate "2012.03.27"]
[EventType "team-swiss"]
[EventRounds "9"]
[EventCountry "SLO"]
[SourceTitle "CBM 147 Extra"]
[Source "ChessBase"]
[SourceDate "2012.04.24"]
[SourceVersion "1"]
[SourceVersionDate "2012.04.24"]
[SourceQuality "1"]
[WhiteTeam "Sweden (Seniors) IV"]
[BlackTeam "Norway (Seniors)"]
[WhiteTeamCountry "SWE"]
[BlackTeamCountry "NOR"]

1. d4 e6 2. Nf3 f5 3. d5 Be7 4. dxe6 dxe6 5. Qxd8+ Bxd8 6. Nc3 Nc6 7. a3 Nf6 8. e3 0-0 9. Bc4 Kh8 10. 0-0 h6 11. b4 Ng4 12. Bb2 Bf6 13. Na4 Nge5 14. Nxe5 Nxe5 15. Be2 b6 16. c4 Bb7 17. Rfd1 Rad8 18. Bd4 Be4 19. Rac1 Nd7 20. Bxf6 Nxf6 21. Nc3 Bc6 22. h3 Ne4 23. Nxe4 Bxe4 24. c5 1/2-1/2

[Event "Nordic-ch Seniors"]
[Site "Reykjavik"]
[Date "2011.09.16"]
[Round "7"]
[White "Gustavsson, Sture"]
[Black "Zachariassen, John"]
[Result "1/2-1/2"]
[WhiteElo "2027"]
[BlackElo "1923"]
[PlyCount "42"]
[EventDate "2011.09.10"]
[EventType "swiss"]
[EventRounds "9"]
[EventCountry "ISL"]
[SourceTitle "CBM 144 Extra"]
[Source "ChessBase"]
[SourceDate "2011.10.28"]
[SourceVersion "1"]
[SourceVersionDate "2011.10.28"]
[SourceQuality "1"]

1. d4 Nf6 2. Nf3 d6 3. Nc3 Nbd7 4. e4 e5 5. dxe5 dxe5 6. Bc4 Be7 7. 0-0 0-0 8. a3 c6 9. Qe2 Qc7 10. Bg5 Nc5 11. Bh4 Bg4 12. Bg3 Nfd7 13. Qe3 Ne6 14. Ne2 Bc5 15. Qc3 Bd6 16. h3 Bxf3 17. Qxf3 Nf4 18. Rfd1 Nc5 19. Rd2 Nce6 20. Rad1 Rad8 21. Bh4 Be7 1/2-1/2

[Event "Vaxjo Veteran-SM 2008"]
[Site "Vaxjo"]
[Date "2008.07.09"]
[Round "7"]
[White "Westin, Bertil"]
[Black "Gustavsson, Sture"]
[Result "0-1"]
[WhiteElo "2033"]
[BlackElo "2042"]
[PlyCount "96"]
[EventDate "2008.07.02"]
[EventType "swiss"]
[EventRounds "9"]
[EventCountry "SWE"]
[SourceTitle "EXT 2024"]
[Source "ChessBase"]
[SourceDate "2023.10.10"]
[SourceVersion "1"]
[SourceVersionDate "2023.10.10"]
[SourceQuality "1"]

1. d4 Nf6 2. c4 g6 3. Nc3 Bg7 4. e4 d6 5. Nf3 0-0 6. Be2 e5 7. d5 a5 8. 0-0 Na6 9. Qc2 Bd7 10. b3 b6 11. a3 h6 12. Nd2 Ne8 13. Rb1 f5 14. b4 axb4 15. axb4 Nf6 16. Ba3 Rf7 17. Ra1 Bf8 18. Nb3 Kh8 19. c5 bxc5 20. bxc5 dxc5 21. Bxa6 Rxa6 22. Bxc5 Rxa1 23. Rxa1 Bd6 24. Bxd6 cxd6 25. exf5 Bxf5 26. Qc1 Kg7 27. h3 g5 28. Ra6 Bc8 29. Ra8 Qc7 30. Qb2 Bb7 31. Ra5 Qc4 32. Nd2 Qd3 33. Rb5 Bxd5 34. Nxd5 Nxd5 35. Rb3 Qe2 36. Rb7 Qxf2+ 37. Kh1 Ne3 38. Ne4 Qe1+ 39. Kh2 Nf1+ 40. Kg1 Ng3+ 41. Kh2 Qxe4 42. Rxf7+ Kxf7 43. Qb3+ Kf6 44. Qg8 Nf5 45. Qf8+ Ke6 46. Qc8+ Kf7 47. Qd7+ Ne7 48. Qxd6 Qf4+ 0-1

[Event "EU-chT Seniors 10th"]
[Site "Dresden"]
[Date "2008.02.15"]
[Round "5.2"]
[White "Crombleholme, Alan K"]
[Black "Gustavsson, Sture"]
[Result "1-0"]
[WhiteElo "2101"]
[BlackElo "2096"]
[PlyCount "99"]
[EventDate "2008.02.11"]
[EventType "team-swiss"]
[EventRounds "9"]
[EventCountry "GER"]
[SourceTitle "CBM 122 Extra"]
[Source "ChessBase"]
[SourceDate "2008.03.04"]
[SourceVersion "1"]
[SourceVersionDate "2008.03.04"]
[SourceQuality "1"]
[WhiteTeam "England IV"]
[BlackTeam "Sweden II"]
[WhiteTeamCountry "ENG"]
[BlackTeamCountry "SWE"]

1. d4 d5 2. Nf3 Nf6 3. c4 e6 4. Nc3 Nbd7 5. Bg5 Be7 6. e3 0-0 7. Rc1 a6 8. c5 c6 9. Bd3 e5 10. dxe5 Ng4 11. Bf4 Nxc5 12. h3 Nxd3+ 13. Qxd3 Nh6 14. Bxh6 gxh6 15. 0-0 Kh8 16. Kh1 Rg8 17. Qd4 Be6 18. Ne2 c5 19. Qd2 Qd7 20. Nf4 Rg7 21. Ne1 Rag8 22. Kh2 b6 23. Qe2 c4 24. Nxe6 fxe6 25. f4 b5 26. g4 d4 27. exd4 Qxd4 28. Rd1 Qb6 29. f5 exf5 30. gxf5 Rg1 31. Nf3 R1g3 32. f6 Qe6 33. Ng1 Bc5 34. Qh5 R8g5 35. Rd8+ Rg8 36. Rxg8+ Qxg8 37. Ne2 Rg2+ 38. Kh1 Rg5 39. Qf3 Rxe5 40. f7 Qg7 41. f8Q+ Qxf8 42. Qxf8+ Bxf8 43. Rxf8+ Kg7 44. Rf2 b4 45. Kg2 Ra5 46. Nc1 Rd5 47. Kf3 a5 48. Rc2 Rd4 49. Ne2 Rh4 50. Nf4 1-0

[Event "SWE-ch Seniors"]
[Site "Stockholm"]
[Date "2007.07.13"]
[Round "9"]
[White "Gustavsson, Sture"]
[Black "Nordstrom, Felix"]
[Result "0-1"]
[WhiteElo "2109"]
[BlackElo "2173"]
[PlyCount "38"]
[EventDate "2007.07.04"]
[EventType "swiss"]
[EventRounds "9"]
[EventCountry "SWE"]
[SourceTitle "CBM 119 Extra"]
[Source "ChessBase"]
[SourceDate "2007.09.04"]
[SourceVersion "1"]
[SourceVersionDate "2007.09.04"]
[SourceQuality "1"]

1. d4 Nf6 2. Nf3 e6 3. c4 d5 4. Nc3 c6 5. Bg5 h6 6. Bh4 dxc4 7. e4 g5 8. Bg3 b5 9. a3 Bb7 10. e5 Nd5 11. Ne4 Nd7 12. Nfd2 Qb6 13. Qg4 0-0-0 14. Bxc4 h5 15. Qxg5 Qxd4 16. Bxd5 exd5 17. Qf4 dxe4 18. e6 Ne5 19. Qxe5 Qxd2+ 0-1

[Event "SWE-ch Seniors"]
[Site "Stockholm"]
[Date "2007.07.12"]
[Round "8"]
[White "Ohman, Anders"]
[Black "Gustavsson, Sture"]
[Result "1/2-1/2"]
[WhiteElo "2067"]
[BlackElo "2109"]
[PlyCount "124"]
[EventDate "2007.07.04"]
[EventType "swiss"]
[EventRounds "9"]
[EventCountry "SWE"]
[SourceTitle "CBM 119 Extra"]
[Source "ChessBase"]
[SourceDate "2007.09.04"]
[SourceVersion "1"]
[SourceVersionDate "2007.09.04"]
[SourceQuality "1"]

1. c4 Nf6 2. g3 g6 3. Bg2 Bg7 4. Nc3 0-0 5. Nf3 d6 6. 0-0 e5 7. d3 Nc6 8. Ne1 Bd7 9. Bd2 Qc8 10. Nd5 Ne8 11. Bc3 Bh3 12. e3 Bxg2 13. Kxg2 Kh8 14. f4 f5 15. Nf3 exf4 16. gxf4 Nd8 17. Rc1 c6 18. Bxg7+ Nxg7 19. Nc3 Nf7 20. Qe1 Nh5 21. Qh4 Qd8 22. Rce1 Qxh4 23. Nxh4 Rae8 24. Re2 Re7 25. Nf3 Rfe8 26. Rfe1 Kg7 27. Kf2 Kf6 28. Rg1 Nh6 29. h3 Nf7 30. Ng5 Nxg5 31. Rxg5 h6 32. Rg1 g5 33. Kf3 gxf4 34. exf4 Rxe2 35. Nxe2 Ng7 36. Nd4 a6 37. Nc2 Rd8 38. Nd4 c5 39. Rxg7 cxd4 40. Rxb7 a5 41. Rh7 Kg6 42. Ra7 Re8 43. Rxa5 Re3+ 44. Kg2 Rxd3 45. Rd5 Rd2+ 46. Kg3 Rxb2 47. Rxd6+ Kg7 48. Rxd4 Rxa2 49. Kh4 Ra3 50. c5 Rc3 51. Rd7+ Kf6 52. Rd6+ Kg7 53. c6 Kh7 54. Rf6 Kg7 55. Rxf5 Rxc6 56. Kh5 Rc3 57. Kg4 Kg6 58. Ra5 Rc6 59. h4 Rf6 60. h5+ Kf7 61. Ra7+ Kg8 62. f5 Rb6 1/2-1/2